000 00751nam a2200253Ia 4500
003 OSt
005 20220925214937.0
006 a|||||r|||| 00| 0
007 ta
008 220923b |||||||| |||| 00| 0 eng d
020 _a0716100401
037 _cGeneral Book
040 _aRTL
_cRTL
_beng
041 _2eng
_aeng
082 _aX9(D3):89U.3.N7, L0
100 _aDand Richard
_9281455
245 0 _aPurchasing in the construction industry
260 _aLondon
_bGower Press U. K.
_c1970
300 _axvi, 198p. Appendix p.152-91
_ccm.
650 _aHousing Industry
_9231829
700 _a Farmer David
_9230912
942 _hX9(D3):89U.3.N7, L0
_cGB
_2CC
999 _c567299
_d567299